Björn Collinder Fenno-Ugric Vocabulary : an etymological dictionary of the Uralic languages. Stockholm-Uppsala 1955 : review /

Elmentve itt :
Bibliográfiai részletek
Szerző: Fabricius-Kovács Ferenc
További közreműködők: Collinder Björn
Dokumentumtípus: Cikk
Megjelent: Akadémiai Kiadó Budapest 1955
Sorozat:Studia Slavica Academiae Scientiarum Hungaricae;Studia Slavica Academiae Scientiarum Hungaricae = Eine Zeitschrift der Ungarischen Akademie der Wissenschaften
Kulcsszavak:Uráli nyelvek - összehasonlító nyelvtudomány - könyvismertetés, Finnugor nyelvészet - könyvismertetés, Uráli nyelvek - etimológiai szótár - könyvismertetés, Finnugor nyelvek - etimológiai szótár - könyvismertetés
Tárgyszavak:
Online Access:http://misc.bibl.u-szeged.hu/65890
LEADER 01278nab a2200253 i 4500
001 misc65890
005 20221026144817.0
008 220518s1955 hu o 0|| eng d
022 |a 0039-3363 
040 |a SZTE Miscellanea Repozitórium  |b hun 
041 |a eng 
100 2 |a Fabricius-Kovács Ferenc 
245 1 0 |a Björn Collinder  |h [elektronikus dokumentum] :  |b Fenno-Ugric Vocabulary : an etymological dictionary of the Uralic languages. Stockholm-Uppsala 1955 : review /  |c  Fabricius-Kovács Ferenc 
260 |a Akadémiai Kiadó  |b Budapest  |c 1955 
300 |a 450-455  |c 24 cm 
300 |a [6] p.  |c 24 cm 
490 0 |a Studia Slavica Academiae Scientiarum Hungaricae;Studia Slavica Academiae Scientiarum Hungaricae = Eine Zeitschrift der Ungarischen Akademie der Wissenschaften 
561 |a Németh Gyula hagyaték 
591 |a NOU 2922 
650 4 |a Bölcsészettudományok 
650 4 |a Nyelvek és irodalom 
695 |a Uráli nyelvek - összehasonlító nyelvtudomány - könyvismertetés, Finnugor nyelvészet - könyvismertetés, Uráli nyelvek - etimológiai szótár - könyvismertetés, Finnugor nyelvek - etimológiai szótár - könyvismertetés 
700 0 1 |a Collinder Björn 
856 4 0 |u http://misc.bibl.u-szeged.hu/65890/1/2922_nou_k77.pdf  |z Dokumentum-elérés